Zwischen Tigris und Nil: 100 Jahre Ausgrabungen der Deutschen Orient-Gesellschaft in Vorderasien und Ägypten

Saved in:
Bibliographic Details
Corporate Author: Deutsche Orient-Gesellschaft (Other)
Other Authors: Wilhelm, Gernot (Editor)
Format: Book/Monograph
Language:German
Published: Mainz am Rhein Verlag von Philipp von Zabern [1998]
Series:Sonderhefte der Antiken Welt
Zaberns Bildbände zur Archäologie
Volumes / Articles: Show Volumes / Articles.
Subjects:
Online Access:Digitalisierung, Inhaltsverzeichnis, Inhaltsverzeichnis: https://www.gbv.de/dms/ilmenau/toc/249287439.PDF
Get full text
Author Notes:Gernot Wilhelm (Hrsg.)

MARC

LEADER 00000cam a2200000 c 4500
001 249287439
003 DE-627
005 20260217172729.0
007 tu
008 980925s1998 gw ||||| 00| ||ger c
015 |a 98,N41,0618  |2 dnb 
015 |a 99,A04,1282  |2 dnb 
016 7 |a 954657144  |2 DE-101 
020 |a 380532491X 
020 |a 3805324901 
035 |a (DE-627)249287439 
035 |a (DE-603)059958766 
035 |a (DE-576)069183910 
035 |a (DE-599)GBV249287439 
035 |a (OCoLC)237322063 
035 |a (OCoLC)237322063 
035 |a (OCoLC)40700108 
040 |a DE-627  |b ger  |c DE-627  |e rda 
041 |a ger 
044 |c XA-DE 
050 0 |a DS56 
082 0 |a 930/.02/02 
082 0 |a 930.0202  |q LoC  |2 DDC21oclc 
084 |a 60  |2 sdnb 
084 |a 66  |2 sdnb 
084 |a 67  |2 sdnb 
084 |a 60  |2 sdnb 
084 |a 80  |2 sdnb 
084 |a 63  |2 sdnb 
084 |a 60  |2 sdnb 
084 |a 9,10  |a 6,22  |a 6,21  |a 1  |2 ssgn 
084 |a NG 1515  |2 rvk  |0 (DE-625)rvk/125414: 
084 |a NG 2000  |2 rvk  |0 (DE-625)rvk/125422: 
084 |a LE 3800  |2 rvk  |0 (DE-625)rvk/90740: 
084 |a NF 8684  |2 rvk  |0 (DE-625)rvk/125342: 
084 |a LE 3000  |2 rvk  |0 (DE-625)rvk/90730: 
084 |a LE 3600  |2 rvk  |0 (DE-625)rvk/90735: 
084 |a 15.16  |2 bkl 
245 0 0 |a Zwischen Tigris und Nil  |b 100 Jahre Ausgrabungen der Deutschen Orient-Gesellschaft in Vorderasien und Ägypten  |c Gernot Wilhelm (Hrsg.) 
264 1 |a Mainz am Rhein  |b Verlag von Philipp von Zabern  |c [1998] 
264 4 |c © 1998 
300 |a 144 Seiten  |b Illustrationen, Karten 
336 |a Text  |b txt  |2 rdacontent 
337 |a ohne Hilfsmittel zu benutzen  |b n  |2 rdamedia 
338 |a Band  |b nc  |2 rdacarrier 
490 0 |a Sonderhefte der Antiken Welt 
490 0 |a Zaberns Bildbände zur Archäologie 
583 1 |a Archivierung/Langzeitarchivierung gewährleistet  |f SSG  |x XA-DE-BW  |2 pdager  |5 DE-21 
583 1 |a Archivierung/Langzeitarchivierung gewährleistet  |f SSG  |x XA-DE-BW  |2 pdager  |5 DE-16 
583 1 |a Archivierung prüfen  |c 20251012  |f DE-4165  |z 2  |2 pdager 
583 1 |a Archivierung/Langzeitarchivierung gewährleistet  |f PERP  |2 pdager  |5 DE-36 
583 1 |a Archivierung/Langzeitarchivierung gewährleistet  |f PERP  |2 pdager  |5 DE-77 
610 2 0 |a Deutsche Orient-Gesellschaft 
648 7 |a Geschichte  |2 gnd 
648 4 |a Geschichte 
650 0 |a Excavations (Archaeology)  |x Middle East 
651 0 |a Middle East  |x Antiquities 
689 0 0 |d g  |0 (DE-588)4001451-4  |0 (DE-627)106397052  |0 (DE-576)208842934  |a Alter Orient  |2 gnd 
689 0 1 |d s  |0 (DE-588)4129464-6  |0 (DE-627)104660694  |0 (DE-576)209610735  |a Ausgrabung  |2 gnd 
689 0 2 |d b  |0 (DE-588)37089-7  |0 (DE-627)100849326  |0 (DE-576)190350458  |a Deutsche Orient-Gesellschaft  |2 gnd 
689 0 |5 DE-101 
700 1 |a Wilhelm, Gernot  |d 1945-  |e HerausgeberIn  |0 (DE-588)107805316  |0 (DE-627)620221224  |0 (DE-576)163569193  |4 edt 
710 2 |a Deutsche Orient-Gesellschaft  |e Sonstige Person, Familie und Körperschaft  |0 (DE-588)37089-7  |0 (DE-627)100849326  |0 (DE-576)190350458  |4 oth 
856 4 2 |u https://www.gbv.de/dms/ilmenau/toc/249287439.PDF  |m DE-601  |q application/pdf  |x Digitalisierung  |y Inhaltsverzeichnis  |3 Inhaltsverzeichnis  |7 1 
935 |a mteo 
935 |i Blocktest 
935 |h HEB  |i 0501 
935 |h HEB  |i 0503 
936 r v |a NG 1515  |b Forschungsgeschichte  |k Geschichte  |k Alte Geschichte  |k Forschungsgeschichte  |0 (DE-627)1379222168  |0 (DE-625)rvk/125414:  |0 (DE-576)309222168 
936 r v |a NG 2000  |b Allgemeines  |k Geschichte  |k Alte Geschichte  |k Geschichte und Kultur des alten Orients und der Mittelmeervölker (ohne Griechen und Römer)  |k Allgemeines  |0 (DE-627)1271452448  |0 (DE-625)rvk/125422:  |0 (DE-576)201452448 
936 r v |a LE 3800  |b Geschichte des Faches und seiner Institutionen  |k Klassische Archäologie  |k Systematik und Geschichte des Faches  |k Geschichte des Faches und seiner Institutionen  |0 (DE-627)1270641794  |0 (DE-625)rvk/90740:  |0 (DE-576)200641794 
936 r v |a NF 8684  |b Allgemeines  |k Geschichte  |k Ur- und Frühgeschichte / Prähistorische Archäologie  |k Archäologie der übrigen Welt  |k Asien  |k Naher Osten  |k Allgemeines  |0 (DE-627)1271451158  |0 (DE-625)rvk/125342:  |0 (DE-576)201451158 
936 r v |a LE 3000  |b für Institutionen  |k Klassische Archäologie  |k Handbücher und Sammelwerke  |k Festschriften und Gedenkschriften  |k für Institutionen  |0 (DE-627)1271516241  |0 (DE-625)rvk/90730:  |0 (DE-576)201516241 
936 r v |a LE 3600  |b Ausgrabungswesen  |k Klassische Archäologie  |k Systematik und Geschichte des Faches  |k Ausgrabungswesen  |0 (DE-627)1271845431  |0 (DE-625)rvk/90735:  |0 (DE-576)201845431 
936 b k |a 15.16  |j Altorientalische Archäologie  |j christliche Archäologie  |0 (DE-627)106419765 
936 s n |a n100  |2 mzub 
936 s n |a l200  |2 mzub 
951 |a BO 
990 |a Geschichte 
990 |a Deutsche Orient-Gesellschaft 
990 |a Ausgrabung 
990 |a Alter Orient 
992 |a 20120412 
999 |a KXP-PPN249287439  |e 3272370234 
BIB |a Y 
SPR |a Y 
JSO |a {"language":["ger"],"origin":[{"publisherPlace":"Mainz am Rhein","dateIssuedDisp":"[1998]","publisher":"Verlag von Philipp von Zabern","dateIssuedKey":"1998"}],"corporate":[{"display":"Deutsche Orient-Gesellschaft","role":"oth"}],"recId":"249287439","id":{"isbn":["380532491X","3805324901"],"eki":["249287439"]},"physDesc":[{"noteIll":"Illustrationen, Karten","extent":"144 Seiten"}],"title":[{"title_sort":"Zwischen Tigris und Nil","subtitle":"100 Jahre Ausgrabungen der Deutschen Orient-Gesellschaft in Vorderasien und Ägypten","title":"Zwischen Tigris und Nil"}],"type":{"bibl":"edited-book"},"name":{"displayForm":["Gernot Wilhelm (Hrsg.)"]},"person":[{"family":"Wilhelm","role":"edt","display":"Wilhelm, Gernot","given":"Gernot"}]} 
SRT |a ZWISCHENTI1998